Normal view
MARC view
- BARRIOS, IGNACIO,
Entry Nombre Personal
001 - NUMERO DE CONTROL
- campo de control: 25319
003 - IDENTIFICADOR DE NUMERO DE CONTROL
- campo de control: UPN
005 - FECHA Y HORA DE LA ÜLTIMA TRANSACCIÓN
- campo de control: 20210219194021.0
008 - DATOS DE LONGITUD FIJA
- campo de control de longitud fija: nabaccnnaabn|||||||||| b |nc|||||d
035 ## - NUMERO DE CONTROL
- Número de control: UPN10000025328
040 ## - FUENTE DE CATALOGACIÓN
- Lenguaje de catalogación: SPA
- Agencia de transcripción: UPN
100 1# - ENCABEZAMIENTO - NOMBRE PERSONAL
- Nombre personal: BARRIOS, IGNACIO,
- Fechas asociadas con el nombre: 1930-2013
670 ## - FUENTE EN LA QUE SE LOCALIZARON DATOS
- Cita de la fuente: T
- Información localizada: Ignacio Barrios : una vida de agua y color
902 ## - CATALOGADOR
- Catalogador: EMR/200117
